The Thames & Hudson dictionary of design since 1900 (Record no. 9503)

000 -LEADER
fixed length control field 00389nam a2200145 4500
003 - CONTROL NUMBER IDENTIFIER
control field OSt
005 - DATE AND TIME OF LATEST TRANSACTION
control field 20210630103737.0
008 - FIXED-LENGTH DATA ELEMENTS--GENERAL INFORMATION
fixed length control field 210630b ||||| |||| 00| 0 eng d
020 ## - INTERNATIONAL STANDARD BOOK NUMBER
International Standard Book Number 9780500203798
082 ## - DEWEY DECIMAL CLASSIFICATION NUMBER
Classification number 745.4090403
Item number JUL
100 ## - MAIN ENTRY--PERSONAL NAME
Personal name Julier, Guy
245 ## - TITLE STATEMENT
Title The Thames & Hudson dictionary of design since 1900
260 ## - PUBLICATION, DISTRIBUTION, ETC. (IMPRINT)
Place of publication, distribution, etc London
Name of publisher, distributor, etc hames & Hudson world of art
Date of publication, distribution, etc 2004
942 ## - ADDED ENTRY ELEMENTS (KOHA)
Source of classification or shelving scheme
Holdings
Withdrawn status Lost status Source of classification or shelving scheme Damaged status Koha normalized classification for sorting Not for loan Permanent location Current location Date acquired Full call number Barcode Date last seen Price effective from Koha item type
        745_409040300000000_JUL   BMS College of Architecture, Design and Planning BMS College of Architecture, Design and Planning 2021-06-30 745.4090403 JUL AR-UG2223 2021-06-30 2021-06-30 UG Books
Copyright © 2025, The Librarian, Library and Information Centre, BMSCA D&P, Bengaluru. All Rights Reserved
web counter

Powered by Koha